Élites et ordres militaires au Moyen Âge : (Registro nro. 243517)

Detalles MARC
000 -LEADER
fixed length control field 02199nam a2200529Ii 4500
001 - CONTROL NUMBER
control field DIGVELQZ0046
003 - CONTROL NUMBER IDENTIFIER
control field NyNyDIG
008 - FIXED-LENGTH DATA ELEMENTS--GENERAL INFORMATION
fixed length control field 170106s2015 sp a ob 001 0 fre d
006 - FIXED-LENGTH DATA ELEMENTS--ADDITIONAL MATERIAL CHARACTERISTICS
fixed length control field m o d
007 - PHYSICAL DESCRIPTION FIXED FIELD--GENERAL INFORMATION
fixed length control field cr |||||||||||
035 ## - SYSTEM CONTROL NUMBER
System control number (OCoLC)951034070
040 ## - CATALOGING SOURCE
Original cataloging agency DGITA
Language of cataloging eng
Description conventions rda
-- pn
Transcribing agency DGITA
020 ## - INTERNATIONAL STANDARD BOOK NUMBER
International Standard Book Number 9788415636892
Qualifying information (eBook ;
-- pdf)
020 ## - INTERNATIONAL STANDARD BOOK NUMBER
International Standard Book Number 841563689X
Qualifying information (eBook ;
-- pdf)
020 ## - INTERNATIONAL STANDARD BOOK NUMBER
International Standard Book Number 9788415636908
Qualifying information (eBook ;
-- ePub)
020 ## - INTERNATIONAL STANDARD BOOK NUMBER
International Standard Book Number 8415636903
Qualifying information (eBook ;
-- ePub)
020 ## - INTERNATIONAL STANDARD BOOK NUMBER
Canceled/invalid ISBN 9788415636885
020 ## - INTERNATIONAL STANDARD BOOK NUMBER
Canceled/invalid ISBN 8415636881
041 ## - LANGUAGE CODE
Language code of text/sound track or separate title fre
-- eng
-- ita
-- spa
043 ## - GEOGRAPHIC AREA CODE
Geographic area code e------
050 14 - LIBRARY OF CONGRESS CALL NUMBER
Classification number CR4701 ebook
082 04 - DEWEY DECIMAL CLASSIFICATION NUMBER
Classification number 271.791
245 00 - TITLE STATEMENT
Title Élites et ordres militaires au Moyen Âge :
Remainder of title rencontre autour d'Alain Demurger /
Statement of responsibility, etc. études réunies par Philippe Josserand, Luís F. Oliveira et Damien Carraz.
264 #1 - PRODUCTION, PUBLICATION, DISTRIBUTION, MANUFACTURE, AND COPYRIGHT NOTICE
Place of production, publication, distribution, manufacture Madrid :
Name of producer, publisher, distributor, manufacturer Casa de Velázquez,
Date of production, publication, distribution, manufacture, or copyright notice 2015.
300 ## - PHYSICAL DESCRIPTION
Extent 1 online resource :
Other physical details illustrations.
336 ## - CONTENT TYPE
Content type term text
Source rdacontent
337 ## - MEDIA TYPE
Media type term computer
Media type code c
Source rdamedia
338 ## - CARRIER TYPE
Carrier type term online resource
Carrier type code cr
Source rdacarrier
490 1# - SERIES STATEMENT
Series statement Collection de la Casa de Velázquez,
International Standard Serial Number 1132-7340 ;
Volume/sequential designation volume 145
504 ## - BIBLIOGRAPHY, ETC. NOTE
Bibliography, etc. note Includes bibliographical references and index.
546 ## - LANGUAGE NOTE
Language note Essays in English, French, Italian, or Spanish.
588 0# - SOURCE OF DESCRIPTION NOTE
Source of description note Online resource; title from PDF title page (Digitalia, viewed January 6, 2017)
650 #0 - SUBJECT ADDED ENTRY--TOPICAL TERM
Topical term or geographic name entry element Military religious orders
General subdivision History
Chronological subdivision To 1500.
650 #0 - SUBJECT ADDED ENTRY--TOPICAL TERM
Topical term or geographic name entry element Elite (Social sciences)
General subdivision History.
655 #0 - INDEX TERM--GENRE/FORM
Genre/form data or focus term Electronic books.
700 1# - ADDED ENTRY--PERSONAL NAME
Personal name Demurger, Alain,
Relator term honouree.
700 1# - ADDED ENTRY--PERSONAL NAME
Personal name Josserand, Philippe,
Relator term editor,
-- author.
700 1# - ADDED ENTRY--PERSONAL NAME
Personal name Oliveira, Luís Filipe
Fuller form of name (Luís Filipe Simões Dias),
Relator term editor,
-- author.
700 1# - ADDED ENTRY--PERSONAL NAME
Personal name Carraz, Damien,
Relator term editor,
-- author.
791 2# -
-- Digitalia (Firm),
-- distributor.
793 0# -
-- Digitalia eBook Collection:
-- Casa de Velázquez.
776 08 - ADDITIONAL PHYSICAL FORM ENTRY
Relationship information Print version:
Title Élites et ordres militaires au Moyen Âge.
Place, publisher, and date of publication Madrid : Casa de Velázquez, 2015
International Standard Book Number 9788415636885
Record control number (DLC) 2016464805
-- (OCoLC)908024953
830 #0 - SERIES ADDED ENTRY--UNIFORM TITLE
Uniform title Collection de la Casa de Velázquez ;
Volume/sequential designation 145.
856 40 - ELECTRONIC LOCATION AND ACCESS
Materials specified Digitalia Hispánica
Uniform Resource Identifier <a href="https://www.digitaliapublishing.com/a/37378/">https://www.digitaliapublishing.com/a/37378/</a>
910 ## - USER-OPTION DATA (OCLC)
User-option data Premium collection: 2017
942 ## - ADDED ENTRY ELEMENTS (KOHA)
Koha item type Recurso Electrónico
Existencias
Withdrawn status Lost status Damaged status Not for loan Collection Home library Current library Date acquired Total checkouts Date last seen Price effective from Koha item type
        Digitalia Ebooks Hispanica Biblioteca Digital UIN Biblioteca Digital UIN 04/25/2025   04/25/2025 04/25/2025 Recurso Electrónico

CONTACTO


NOSOTROS


SITIOS DE INTERES

coordinacion.biblioteca.biblioteca@unienlinea.mx Misión, Visión y Objetivos Bases de datos
Directorio Bibliotecas Digitales y Repositorios
Normatividad Revistas y artículos
Convenios interbibliotecarios
Boletines



Hecho en México. Universidad Insurgentes (UIN). Todos los derechos reservados 2024. Esta página y sus contenidos pueden ser reproducidos con fines no lucrativos, siempre y cuando no se mutile, se cite la fuente completa y su dirección electrónicas. De otra forma requiere permiso previo por escrito de la institución




2024 Copyright Universidad Insurgentes | www.bibliouin.com.mx